<?xml version="1.0" encoding="UTF-8"?>
<record
    xmlns:xsi="http://www.w3.org/2001/XMLSchema-instance"
    xsi:schemaLocation="http://www.loc.gov/MARC21/slim http://www.loc.gov/standards/marcxml/schema/MARC21slim.xsd"
    xmlns="http://www.loc.gov/MARC21/slim">

  <leader>00244nam a22001097a 4500</leader>
  <datafield tag="040" ind1=" " ind2=" ">
    <subfield code="c">HS</subfield>
  </datafield>
  <datafield tag="082" ind1=" " ind2=" ">
    <subfield code="a">591</subfield>
  </datafield>
  <datafield tag="100" ind1=" " ind2=" ">
    <subfield code="a">&#x178C;&#x17BB;&#x1780;&#x200B; &#x1786;&#x17C1;&#x1784;</subfield>
  </datafield>
  <datafield tag="245" ind1=" " ind2=" ">
    <subfield code="a">&#x179F;&#x178F;&#x17D2;&#x178F;&#x179C;&#x17B7;&#x1791;&#x17D2;&#x1799;&#x17B6;</subfield>
  </datafield>
  <datafield tag="260" ind1=" " ind2=" ">
    <subfield code="a">RUA</subfield>
    <subfield code="b">&#x178C;&#x17BB;&#x1780; &#x1786;&#x17C1;&#x1784;</subfield>
    <subfield code="c">2012</subfield>
  </datafield>
  <datafield tag="942" ind1=" " ind2=" ">
    <subfield code="c">KB</subfield>
  </datafield>
  <datafield tag="999" ind1=" " ind2=" ">
    <subfield code="c">8452</subfield>
    <subfield code="d">8452</subfield>
  </datafield>
  <datafield tag="952" ind1=" " ind2=" ">
    <subfield code="0">0</subfield>
    <subfield code="1">0</subfield>
    <subfield code="4">0</subfield>
    <subfield code="6">591_000000000000000_&#x178C;&#x17BB;&#x1780;_2012_C171</subfield>
    <subfield code="7">0</subfield>
    <subfield code="9">48466</subfield>
    <subfield code="a">LBB</subfield>
    <subfield code="b">LBB</subfield>
    <subfield code="c">C171</subfield>
    <subfield code="d">2016-08-01</subfield>
    <subfield code="o">591 &#x178C;&#x17BB;&#x1780; 2012 C171</subfield>
    <subfield code="p">RUA41164</subfield>
    <subfield code="r">2016-10-13</subfield>
    <subfield code="y">KB</subfield>
  </datafield>
  <datafield tag="952" ind1=" " ind2=" ">
    <subfield code="0">0</subfield>
    <subfield code="1">0</subfield>
    <subfield code="4">0</subfield>
    <subfield code="6">591_000000000000000_&#x178C;&#x17BB;&#x1780;_2012_C171</subfield>
    <subfield code="7">0</subfield>
    <subfield code="9">48467</subfield>
    <subfield code="a">LBB</subfield>
    <subfield code="b">LBB</subfield>
    <subfield code="c">C171</subfield>
    <subfield code="d">2016-08-01</subfield>
    <subfield code="l">1</subfield>
    <subfield code="o">591 &#x178C;&#x17BB;&#x1780; 2012 C171</subfield>
    <subfield code="p">RUA045689</subfield>
    <subfield code="r">2017-10-17</subfield>
    <subfield code="s">2017-01-14</subfield>
    <subfield code="y">KB</subfield>
  </datafield>
  <datafield tag="952" ind1=" " ind2=" ">
    <subfield code="0">0</subfield>
    <subfield code="1">0</subfield>
    <subfield code="4">0</subfield>
    <subfield code="6">591_000000000000000_&#x178C;&#x17BB;&#x1780;_2012_C171</subfield>
    <subfield code="7">0</subfield>
    <subfield code="9">48468</subfield>
    <subfield code="a">LBB</subfield>
    <subfield code="b">LBB</subfield>
    <subfield code="c">C171</subfield>
    <subfield code="d">2016-08-01</subfield>
    <subfield code="l">1</subfield>
    <subfield code="o">591 &#x178C;&#x17BB;&#x1780; 2012 C171</subfield>
    <subfield code="p">RUA043238</subfield>
    <subfield code="r">2018-05-29</subfield>
    <subfield code="s">2018-05-07</subfield>
    <subfield code="y">KB</subfield>
  </datafield>
</record>
